000 00482nam a22001932 4500
001 0000003879
005 20170406115358.0
008 140720s xx 000 0 eng d
020 _c$
040 _aYour Holding Symbol
_cYour Holding Symbol
100 1 _aTillyard,W.M.E.
245 1 0 _aMilton.
250 _a ed.
260 _aLondon :
_bChatto,
_c1956.
300 _a396 p. ;
_c cm.
504 _aindex.
650 0 _aenglish literature.
908 _a140720
999 _c3729
_d3729